000 00338nam a22001337a 4500
008 190129b xxu||||| |||| 00| 0 eng d
020 _a9780495004882
041 _aeng
080 _23rd
_a338
100 _a53
101 _aMEN
245 _aGeneralist Case Manamgement A Method of Human Service Delivery
_cWoodside,M
942 _2udc
_cBK
999 _c53862
_d53862